000 00393nam a2200169Ia 4500
001 3270
003 IN-NITTTR
005 20251114232945.0
008 251113s9999||||xx |||||||||||||| ||eng||
040 _beng
040 _cIN-NITTTR
041 _aeng
082 _a624.18 F212P
100 _aFancutt, F.
245 0 _aProtective painting of structural steel /
_cFancutt, F.
942 _2ddc
_cBK
999 _c5537
_d5537